000
00293nam a2200145Ia 4500
100
_a
Dhakappa
942
_c
BK
654
_a
Dies
245
_a
Progressive Chemistry
260
_b
Manan Prakashan
_a
Bombay
_c
1962
082
_a
660
_b
DHA
300
_a
237
546
_a
ENGLISH
999
_c
28931
_d
28931